Cases in strategic management

Bibliographic Details
Main Author: Srtickland, A.J
Other Authors: Thompson, Arthur A.
Format: Book
Published: Texas : Business Publication , 1985
Edition:2nd ed.
Subjects:

MARC

LEADER 00000cam a2200000 7i4500
001 0000002776
005 20030616.0
020 |a 025603172x 
040 |a INS 
090 0 0 |a HD31.   |b S6968 1985 
100 1 |a Srtickland, A.J. 
245 1 0 |a Cases in strategic management   |c A.J. Srtickland III, Arthur A. Thompson, Jr. Plano 
250 |a 2nd ed. 
260 |a Texas :   |b Business Publication ,   |c 1985 
300 |a xii, 1562p. ;   |c 23 cm. 
650 0 0 |a Management   |x Research 
700 1 |a Thompson, Arthur A. 
999 |a 0000004111   |b BOOK   |c Open Shelf   |e Default branch